000 00541nam a2200217 a 4500
001 BS0000947
003 BR-BrBNA
005 20231023154052.0
008 230308b |||||||| |||| 00| 0 por d
040 _aBR-BrBNA
_bpor
_cBiblioteca Nacional de Agricultura
041 _apor
072 _aS89
090 _aS89
_bBS0000947
100 1 _aColbourn, Stephen
245 1 _aThe lost ship /
260 3 _aJordan Hill:
_bHeinemann,
_c1989.
300 _a16 p.
650 _aINGLÊS
650 _aLITERATURA INFANTO JUVENIL
942 _cBK
_2AGRIS
999 _c6005
_d6005